Từ điển Việt - Hán

Đã lưu trong:
Bibliografiske detaljer
Format: Bog
Sprog:Undetermined
Udgivet: Hà Nội Giáo dục 2002
Fag:
Tags: Tilføj Tag
Ingen Tags, Vær først til at tagge denne postø!
Thư viện lưu trữ: Trung tâm Học liệu Trường Đại học Cần Thơ
LEADER 00554nam a2200193Ia 4500
001 CTU_90795
008 210402s9999 xx 000 0 und d
020 |c 130000 
082 |a 495.9223951 
082 |b T550 
245 0 |a Từ điển Việt - Hán 
245 0 |c Đinh Gia Khánh hiệu đính 
260 |a Hà Nội 
260 |b Giáo dục 
260 |c 2002 
650 |a chinese language,vietnamese language 
650 |x dictionaries,dictionaries 
904 |i Trúc 
980 |a Trung tâm Học liệu Trường Đại học Cần Thơ